00674pab a2200133 454500008004000000100001700040245007300057260000900130300001600139362001100155520031900166650002100485773003400506180718b2002 xxu||||| |||| 00| 0 eng d aBhagat, R.B. aChallenges of rural urban classification for decentrlised governance c2002 ap.2413-416. a22 Jun aRural and urban areas under the new panchayat raj amendments will not only have to make their own plans but also generate some resources locally. This brings into sharp focus the many problems thrown up by the existing definitions of rural and urban areas which impinge on effective local governance. - Reproduced. aDecentralization aEconomic and Political Weekly